Guess the 1970s song lyrics #40 - Statistics

General Stats
  • This quiz has been taken 37 times
  • The average score is 110 of 165
Answer Stats
Answer % Correct
a
97%
I
94%
to
94%
To
94%
you
94%
You
94%
just
87%
Just
87%
the
87%
when
87%
do
84%
In
81%
in
81%
your
81%
be
77%
of
77%
There
77%
was
77%
my
74%
No
74%
Had
71%
had
71%
hear
71%
time
71%
you're
71%
Have
68%
like
68%
are
65%
been
65%
never
65%
Never
65%
want
65%
from
58%
Now
58%
take
58%
up
58%
as
55%
day
55%
don't
55%
down
55%
hand
55%
let
55%
off
55%
not
52%
With
52%
head
48%
need
48%
someone
48%
happy
45%
song
45%
else
42%
eyes
39%
inside
39%
mellow
39%
strong
39%
tried
39%
clouds
35%
find
35%
make
35%
shoes
35%
comfort
32%
mean
32%
hurry
29%
back
26%
Kick
26%
slow
26%
lay
23%
tell
23%
around
19%
close
19%
point
19%
understand
19%
view
19%
Running
16%
frown
13%
hard
10%
No matching quizzes found
Score Distribution
Percent of People with Each Score
Percentile by Number Answered
Your Score History
You have not taken this quiz